00585nam a2200157Ia 4500008004100000020002200041082001900063100001800082245011300100260003400213300001100247500001900258650003700277952009600314999001700410120629s9999 xx 000 0 und d a978-84-493-0599-3 aM 370.19 B697s aBonal, xavier aSociologia de la educación : una aproximación crítica a las corrientes contemporáneas / Xavier Bonal aBarcelona ; México : Paidos a239 p. aBibliografía a1. SOCIOLOGIA DE LA EDUCACIONÌ 00104070a15b15d2011-04-25l0oM 370.19 B697Sp15 004651r2017-12-07t1w2012-06-28yLB c77634d77634